000 00461pab a2200157 454500
008 180718b2000/2008 xxu||||| |||| 00| 0 eng d
100 _aFlorio, Massimo
245 _aInvestment, growth, and uniformity versus selectivity in capital income taxation: testing the king-Fullerton framework
260 _c2000/2008
300 _ap.64-81.
650 _aIncome tax
700 _aFiorio, Carlo V.
773 _aPublic Finance
908 _aN
909 _a80400
999 _c80400
_d80400